000 00533nam a22001817a 4500
003 CEME
005 20210628204041.0
008 210106b xxu||||| |||| 00| 0 eng d
020 _a084930461
040 _cceme
082 _a610.28 BIO
100 _aBronzino, Joseph D
_959015
245 _aThe biomedical engineering handbook Ultra low - power biomedical singal processing, an analog wavelet filter approach for pacemakers
250 _a2ND VOL-1
260 _aNEW YORK
_bCRC PRESS
_c2000
300 _aPDF
942 _cBK
_2ddc
999 _c576028
_d576028